000
002660000a22000970004500
100
1
_a
Carasik, Michael
245
1
0
_a
Qohelet's twist and turns
300
_a
Vol. 28, Núm 2 (2003), Páginas 192-209
773
0
_t
Journal for the Study of the Old Testament
942
_c
ANA
999
_c
54936
_d
54936